Statistics for All Womens Championship Matches at WrestleMania

Click here to take the quiz!

General Stats

  • This quiz has been taken 186 times
    (146 since last reset)
  • The average score is 43 of 66

Answer Stats

HintAnswer% Correct
33 (Raw)Charlotte Flair
96%
34 (SD)Charlotte Flair
96%
32Charlotte Flair
96%
33 (Raw)Sasha Banks
92%
32Sasha Banks
92%
35 (Tag)Sasha Banks
92%
35 (RAW/SD)Becky Lynch
91%
33 (SD)Becky Lynch
91%
32Becky Lynch
91%
18Lita
91%
18Trish Stratus
91%
19Trish Stratus
91%
22Trish Stratus
91%
21Trish Stratus
91%
35 (Tag)Bayley
90%
33 (Raw)Bayley
90%
35 (Tag)Nia Jax
88%
34 (Raw)Nia Jax
88%
33 (Raw)Nia Jax
88%
33 (SD)Alexa Bliss
85%
34 (Raw)Alexa Bliss
85%
35 (RAW/SD)Ronda Rousey
85%
22Mickie James
80%
33 (SD)Mickie James
80%
33 (SD)Naomi
78%
30Naomi
78%
34 (SD)Asuka
75%
33 (SD)Natalya
75%
35 (Tag)Natalya
75%
30Natalya
75%
30AJ Lee
74%
35 (Tag)Beth Phoenix
74%
35 (RAW/SD)Charlotte Flair
74%
30Brie Bella
73%
30Nikki Bella
73%
35 (Tag)Tamina
72%
30Tamina
72%
17Chyna
68%
33 (SD)Carmella
63%
20Molly Holly
61%
2The Fabulous Moolah
60%
35 (Tag)Peyton Royce
58%
30Layla
57%
35 (Tag)Billie Kay
56%
20Victoria
55%
19Victoria
55%
17Ivory
50%
15Sable
46%
23Melina
45%
19Jazz
44%
18Jazz
44%
10Leilani Kai
44%
1Leilani Kai
44%
30Alicia Fox
43%
1Wendi Richter
41%
10Alundra Blayze
37%
23Ashley
32%
21Christy Hemme
29%
30Cameron
26%
30Summer Rae
26%
30Eva Marie
25%
15Tori
24%
2Velvet McIntyre
23%
30Emma
21%
30Aksana
18%
30Rosa Mendes
18%

Score Distribution

Percentile by Number Answered

Percent of People with Each Score

Your Score History

You have not taken this quiz since the last reset